| 000 | 01462nam a2200397 a 4500 | ||
|---|---|---|---|
| 999 |
_c484575 _d484575 |
||
| 003 | BLK | ||
| 005 | 20250609105703.0 | ||
| 008 | 180411b bul|||||r ||||||| ||bul|| | ||
| 010 | _aKNG00199480000 | ||
| 020 | _a3800083828747 | ||
| 040 | _aBLK | ||
| 041 |
_aBUL _cBUL |
||
| 072 | 7 |
_2bullib _aН86 _xДетска отраслова литература Н |
|
| 080 |
_aАнатомия. Вж и 572 ; 591.4 ; 616.1/.9 ; 343.9 ; 743 _b611 _x(02.053.2) _z611(02.053.2) |
||
| 080 |
_aИздания за деца и юноши. Книжки-картинки. Читанки. Вж и 372.4 _b087.5 _z087.5 |
||
| 139 |
_aИскам да стана лекар! _bИ 92 |
||
| 245 | 1 | 0 | _aИскам да стана лекар! |
| 257 | _aBGR | ||
| 260 |
_aСофия _bФют _c2021 _fотпеч. в Китай |
||
| 300 |
_a8 с. _c22 см |
||
| 380 | _aDN | ||
| 650 | 4 |
_aЧовешко тяло _9251064 |
|
| 650 | 4 |
_aАнатомия - на човека _9254168 |
|
| 650 | 4 |
_aФизиология - на човека _9254167 |
|
| 653 | _aчовешко тяло | ||
| 653 | _aанатомия | ||
| 653 | _aфизиология | ||
| 653 | _aкниги-игри | ||
| 653 | _aлитература за деца | ||
| 653 | _aдетска литература | ||
| 659 | _aН | ||
| 856 | 4 |
_qpdf _i0.00 _ldisable |
|
| 856 | 4 |
_qpdf _i0.00 _ldisable |
|
| 942 |
_cKNG _n0 _035 _s1 |
||
| 944 |
_c2022-12-06 _lГрета Цуфелде _k30537 |
||